July 30th: Birthdays - Statistics

General Stats
  • This quiz has been taken 3 times
  • The average score is 5 of 11
Answer Stats
Year Clue Answer % Correct
1818 Wrote Wuthering Heights Emily Brontë
100%
1947 Governor of California Arnold Schwarzenegger
67%
1863 Car Company founder Henry Ford
67%
1974 Actress in Million Dollar Baby Hilary Swank
67%
1963 Actress in Friends Lisa Kudrow
67%
1890 Manager of the NYY Casey Stengel
33%
1970 Director of Interstellar Christopher Nolan
33%
1981 US Women's Goalkeeper Hope Solo
33%
1960 Director of Boyhood Richard Linklater
33%
1893 Mother of Pakistan Fatima Jinnah
0%
1961 Actor in CSI Laurence Fishburne
0%
No matching quizzes found
Score Distribution
Percent of People with Each Score
Percentile by Number Answered
Your Score History
You have not taken this quiz